Welcome to CU Library Online Public Access Catalogue (OPAC)

Instant design : (Record no. 8078)

MARC details
000 -LEADER
fixed length control field 00886cam a22002534a 4500
001 - CONTROL NUMBER
control field 14116537
005 - DATE AND TIME OF LATEST TRANSACTION
control field 20251105144235.0
008 - FIXED-LENGTH DATA ELEMENTS--GENERAL INFORMATION
fixed length control field 050922s2006 njua 001 0 eng
020 ## - INTERNATIONAL STANDARD BOOK NUMBER
International Standard Book Number 0131713930
020 ## - INTERNATIONAL STANDARD BOOK NUMBER
International Standard Book Number 9780131713932
050 00 - LIBRARY OF CONGRESS CALL NUMBER
Classification number T353
Item number .E895 2006
082 00 - DEWEY DECIMAL CLASSIFICATION NUMBER
Classification number 620/.00420285536
Edition information 22
100 1# - MAIN ENTRY--PERSONAL NAME
Personal name Ethier, Stephen J.
245 10 - TITLE STATEMENT
Title Instant design :
Remainder of title fundamentals of Autodesk Inventor 10 /
Statement of responsibility, etc. Stephen J. Ethier, Christine A. Ethier.
260 ## - PUBLICATION, DISTRIBUTION, ETC.
Place of publication, distribution, etc. Upper Saddle River, N.J. :
Name of publisher, distributor, etc. Pearson/Prentice Hall,
Date of publication, distribution, etc. c2006.
300 ## - PHYSICAL DESCRIPTION
Extent x, 194 p. :
Other physical details ill. ;
Dimensions 28 cm +
Accompanying material 1 CD-ROM (4 3/4 in.).
500 ## - GENERAL NOTE
General note Includes index.
650 #0 - SUBJECT ADDED ENTRY--TOPICAL TERM
Topical term or geographic name entry element Engineering graphics.
650 #0 - SUBJECT ADDED ENTRY--TOPICAL TERM
Topical term or geographic name entry element Engineering models
General subdivision Data processing.
700 1# - ADDED ENTRY--PERSONAL NAME
Personal name Ethier, Christine A.
710 2# - ADDED ENTRY--CORPORATE NAME
Corporate name or jurisdiction name as entry element Autodesk, Inc.
856 41 - ELECTRONIC LOCATION AND ACCESS
Materials specified Table of contents only
Uniform Resource Identifier <a href="http://www.loc.gov/catdir/toc/fy0702/2005054972.html">http://www.loc.gov/catdir/toc/fy0702/2005054972.html</a>
942 ## - ADDED ENTRY ELEMENTS (KOHA)
Source of classification or shelving scheme Library of Congress Classification
Koha item type Books
Suppress in OPAC No
999 ## -
-- 8078
-- 8078
Holdings
Withdrawn status Lost status Source of classification or shelving scheme Damaged status Not for loan Collection Home library Current library Shelving location Date acquired Total checkouts Full call number Barcode Date last seen Copy number Price effective from Koha item type
    Library of Congress Classification     Non-fiction Science Library (Miotso) Science Library (Miotso) General stacks 11/05/2025   T353 .E895 ETH SLM00005400 11/05/2025 1 11/05/2025 Books
© 2023-2024 Copyright: Central University Libraries. All Rights Reserved | Created by: Mahone Tech Office